Children's book of questions and answers (Record no. 27676)

MARC details
000 -LEADER
fixed length control field 00274nam a2200109Ia 4500
082 ## - DEWEY DECIMAL CLASSIFICATION NUMBER
Classification number 001
Item number ADD
245 #0 - TITLE STATEMENT
Title Children's book of questions and answers
260 ## - PUBLICATION, DISTRIBUTION, ETC. (IMPRINT)
Place of publication London
Name of publisher Octopus
Year of publication 1977
700 ## - ADDED ENTRY--PERSONAL NAME
Personal name Addison, A
942 ## - ADDED ENTRY ELEMENTS (KOHA)
Koha item type Books
Holdings
Withdrawn status Lost status Damaged status Not for loan Home library Current library Date acquired Cost, normal purchase price Full call number Accession Number Koha item type
        RRII Library RRII Library 16/12/2021 62.55 001 ADD 08294 Books